Normal view
MARC view
Entry Término temático
001 - NÚMERO DE CONTROL
- campo de control: 6225
003 - IDENTIFICADOR DE NÚMERO DE CONTROL
- campo de control: BO-EaUP
005 - FECHA Y HORA DE LA ÚLTIMA TRANSACCIÓN
- campo de control: 20260508111516.0
008 - ELEMENTOS DE DATO DE LONGITUD-FIJA
- campo de control de longitud fija: 260508|| aca||aabn | a|a d
040 ## - FUENTE DE CATALOGACIÓN
- Centro catalogador/agencia de origen: BO-EaUP
- Centro/agencia transcriptor: BO-EaUP
150 ## - ENCABEZAMIENTO--TÉRMINO DE MATERIA
- Término de materia o nombre geográfico como elemento de entrada: COMPAÑIAS
- Subdivisión de forma: impuestos
- Subdivisión geográfica: Colombia
670 ## - FUENTE DE DATOS ENCONTRADOS
- Cita de la fuente: Work cat.: (BO-EaUP)5522: Godoy Ramírez, Eduardo Autor 67, Guía de impuestos ordinarios de las empresas /, 2022